00792nam a2200205Ia 4500003000900000008004100009020001800050040001600068080001500084100002500099245013500124260004000259300001500299490005400314650002900368650001700397942000700414999001700421952014800438IN-BaIIA211028s9999 xx 000 0 eng d a0-471-97633-4 cIIA Library a523.4bCLA aClark, Stuart922371 0aTowards the edge of the extrasolar planetsbthe search for new worldscStuart Issar  aChichesterbJohn Wiley & Sonsc1998 axix, 218p. aWiley-Praxis series in astronomy and astrophysics aExtrasolar planets93586 aPlanets9971 cBK c13444d13444 00104070aBANbBANcGENd2000-03-15eGANESHg4153.25l2m1o523.4/ CLAp14363r2022-12-28s2022-11-29v4153.25w2000-03-15yBKGRs. 4153.25